000 00499nam a22001817a 4500
999 _c2161
_d2161
003 Ost
005 20200409113649.0
008 200409b ||||| |||| 00| 0 eng d
020 _a1593270127
040 _cBT-PhCST
050 _a0
082 _222
_a005.432
100 _aTalyor, Dave.
245 _aWicked cool shell scripts :
_b101 scripts for Linux, mac OS X, and UNIX systems /
260 _aCalifornia,
_bNo Starch Press,
_cc2004.
300 _axix, 341p. ;
_bill. ;
_c23 cm.
942 _2ddc
_cIT